000 00665nam a22002177a 4500
003 UA-OsUOA
001 37764
007 ta
008 20060405b un ||||| |||| 00| 0 ukr d
100 _aБуйнов Ю.В.
090 _a902
_bБ11
942 _cSA
040 _aUA-OsUOA
_bukr
_cUA-OsUOA
_dUA-OsUOA
245 _aПоселення малобудківського типу с. Тимченки у басейні р. Сіверський Донець
300 _aС.42-48
955 _a0
041 _aukr
080 _a902
773 0 _w37761
_tАрхеологія
_dК.
_d2006
_g1
650 7 _a9 Географія. Біографії. Історія
_2UDC
999 _c323940
_d323940